书目信息 |
| 题名: |
每个人都死了
|
|
| 作者: | 布洛克 著 ;唐诺 译 | |
| 分册: | ||
| 出版信息: | 北京 新星出版社 2008.08 |
|
| 页数: | 387页 | |
| 开本: | 21cm | |
| 丛书名: | 午夜文库 | |
| 单 册: | ||
| 中图分类: | I712.45 | |
| 科图分类: | ||
| 主题词: | 侦探小说 , 侦探小说--美国--现代 , 长篇小说--美国--现代 , 长篇小说 | |
| 电子资源: | ||
| ISBN: | 978-7-80225-531-9 | |
| 000 | 00968oam2 2200313 450 | |
| 001 | 1252479599 | |
| 005 | 20120110120350.46 | |
| 010 | @a978-7-80225-531-9@b精装@dCNY35.00 | |
| 090 | @aI712.45@bblk | |
| 096 | @aI712.45@bblk | |
| 100 | @a20090921d2008 em y0chiy50 ea | |
| 101 | 1 | @achi@ceng |
| 102 | @aCN@b110000 | |
| 105 | @aa z 000ay | |
| 200 | 1 | @a每个人都死了@b专著@dEverybody dies@f(美)劳伦斯·布洛克(Lawrence Block)著@g唐诺译@zeng@9mei ge ren du si le |
| 210 | @a北京@c新星出版社@d2008.08 | |
| 215 | @a387页@c照片@d21cm | |
| 225 | 2 | @a午夜文库@i马修·斯卡德系列 |
| 462 | 0 | @1001003311397 |
| 510 | 1 | @aEverybody dies@zeng |
| 606 | 0 | @a侦探小说 |
| 606 | 0 | @a侦探小说@y美国@z现代 |
| 606 | 0 | @a长篇小说@y美国@z现代 |
| 606 | 0 | @a长篇小说 |
| 690 | @aI712.45@v4 | |
| 701 | 0 | @c(美)@a布洛克@c(Block, Lawrence@f1938~)@4著@9bu luo ke |
| 702 | 0 | @a唐诺@f(1958~)@4译@9tang nuo |
| 801 | 0 | @aCN@b110120@c20081013 |
| 905 | @aZUCC@dI712.45@eB9830 | |
| 每个人都死了=Everybody dies/(美)劳伦斯·布洛克(Lawrence Block)著/唐诺译.-北京:新星出版社,2008.08 |
| 387页:照片;21cm.-(午夜文库.马修·斯卡德系列) |
| ISBN 978-7-80225-531-9(精装):CNY35.00 |
| ● |
| 相关链接 |
|
|
|
正题名:每个人都死了
索取号:I712.45/B9830
 
预约/预借
| 序号 | 登录号 | 条形码 | 馆藏地/架位号 | 状态 | 备注 |
| 1 | 481399 | 204813997 | 社科二线400B/400B社科库 21排1列2层/ [索取号:I712.45/B98214] | 在馆 | |
| 2 | 481400 | 204814004 | 文学库116/116文学库 26排4列1层/ [索取号:I712.45/B98214] | 在馆 | |
| 3 | 481401 | 204814013 | 社科二线422/422社科库 25排4列5层/ [索取号:I712.45/B98214] | 在馆 |